000 00184nam a2200085 4500
001 1244296
005 20251020115202.0
245 _aDARMADAĞIN
_cKARİN SLAUGHTER
260 _bKIRMIZI KEDİ
999 _c1244296
_d1244296